000 00705nam a22002057a 4500
999 _c179320
_d179320
005 20210607115214.0
010 _aB-739998
020 _a9788176466813
_c695.00
035 _aB-739998
037 _bGift
082 _a338.7490954
100 _aMishra, Sanjeev
245 _aDisinvested public enterprises /
_cby Sanjeev Mishra
260 _aDelhi
_bB.R. Publishing Corporation
_c2009
270 _a425, Nimri Colony, Ashok Vihar, Phase-IV
_bDelhi
_e110052
300 _axv, 240p.
_c22cm(Hb)
500 _aincludes bibliographical references and index
942 _2ddc
_cEN
_mMIS
_h338.7490954